| 000 | 00500nam a2200181Ia 4500 | ||
|---|---|---|---|
| 001 | 57547 | ||
| 008 | 140507s9999 xx 000 0 und d | ||
| 020 | _a9781907486142 | ||
| 040 | _cPK-LaUMT | ||
| 082 |
_a 294.3 _bECK-U |
||
| 100 | _aEckel, Malcolm David | ||
| 245 |
_aUnderstanding Buddhism _brigins beliefs practices holy texts sacred places _cEckel, Malcolm David |
||
| 260 |
_aLondon,UK: _bWatkins Publishing, _c2010 |
||
| 300 | _a112 p. | ||
| 546 | _aEN | ||
| 650 | _aBuddhism | ||
| 942 | _cBK | ||
| 999 |
_c54832 _d54832 |
||